000 00436nam a2200157 i 4500
001 86072
003 ES-MaACL
005 20230906175352.0
007 t|
008 041207s1922 ddr ||||1| ger d
100 1 _aKaiser, Georg.
_967434
245 1 0 _aKauzlist Krehler
_b: tragikomödie in drei akten /
_cGeorg Kaiser.
260 _aPostdam :
_bGustav Kiepenheuer,
_c1922.
300 _a100 p. ;
_c20 cm.
852 _aES-MaACL
_jF-13735
999 _c86072
_d86072